Water management (Record no. 554355)
[ view plain ]
| 000 -LEADER | |
|---|---|
| fixed length control field | 00444nam a22001337a 4500 |
| 082 ## - DEWEY DECIMAL CLASSIFICATION NUMBER | |
| Classification number | 628.1 |
| Author Mark | PAT |
| -- | N-02,P-100 |
| 100 ## - MAIN ENTRY--PERSONAL NAME | |
| Personal name | Patel, A S |
| 9 (RLIN) | 51806 |
| 245 ## - TITLE STATEMENT | |
| Title | Water management |
| Remainder of title | Conservation, harvesting and Artificial recharge |
| Statement of responsibility, etc. | [by] A S Patel [and] D L Shah. |
| 260 ## - PUBLICATION, DISTRIBUTION, ETC. | |
| Place of publication, distribution, etc. | Banglore, |
| Name of publisher, distributor, etc. | New Age International, |
| Date of publication, distribution, etc. | 2017. |
| 300 ## - PHYSICAL DESCRIPTION | |
| Extent | xii,331p. |
| 526 ## - STUDY PROGRAM INFORMATION NOTE | |
| Program name | 0 |
| Interest level | 0 |
| Reading level | 0 |
| Title point value | 628_100000000000000_PAT |
| 650 ## - SUBJECT ADDED ENTRY--TOPICAL TERM | |
| Topical term or geographic name entry element | Water Management |
| 9 (RLIN) | 51807 |
| 942 ## - ADDED ENTRY ELEMENTS (KOHA) | |
| Source of classification or shelving scheme | |
| Koha item type | Book |
| Withdrawn status | Lost status | Source of classification or shelving scheme | Damaged status | Not for loan | Permanent Location | Current Location | Date acquired | Total Checkouts | Full call number | Barcode | Date last seen | Price effective from | Koha item type |
|---|---|---|---|---|---|---|---|---|---|---|---|---|---|
| Military College of Engineering (MCE) | Military College of Engineering (MCE) | 06/23/2020 | 628.1 PAT | MCE-51434 | 06/23/2020 | 06/23/2020 | Book |
